On This Day: December 25th Quiz Stats

Quiz Updated Dec 25, 2017

Challenge
Share
Tweet
Embed
Score 0/7 Timer 03:00
0 Plays Today
Question Answer Wrong Answers
This American actor, who garnered widespread acclaim with roles in films such as ‘The Maltese Falcon’, ‘Casablanca’, and ‘The Big Sleep’, is born.
1899
Humphrey Bogart
87.1%
Clark Gable
5.3%
Cary Grant
4%
James Cagney
1.7%
This comet is sighted by Johann Georg Palitzsch, confirming an earlier prediction by the English astronomer after whom it is now named. It’s the first passage of a comet predicted ahead of time.
1758
Halley's Comet
86.7%
Comet Hale–Bopp
5.3%
Comet Hailey
3.5%
Hale’s Comet
4.4%
American general Zachary Taylor leads 1100 troops against this Native American nation at the Battle of Lake Okeechobee in Florida.
1837
Seminole
73.1%
Navajo
12.2%
Iroquois
8.9%
Nez Perce
4.4%
George Washington and the Continental Army cross this river at night to attack Hessian forces serving Great Britain at Trenton, New Jersey, the next day.
1776
Delaware River
70.9%
Hudson River
8%
Potomac River
19.1%
Connecticut River
1.2%
Admiral ______ arrives at Pearl Harbor to assume command of the US Pacific Fleet.
1941
Chester W. Nimitz
60.2%
George Marshall
12.1%
George S. Patton
21.7%
Jimmy Doolittle
3.8%
This Israeli Prime Minister meets in Egypt with President Anwar Sadat.
1977
Menachem Begin
44.1%
Yitzhak Rabin
21.2%
David Ben-Gurion
11.2%
Golda Meir
20.8%
The Stone of ______, the traditional coronation stone of British monarchs, is taken from Westminster Abbey by Scottish nationalist students.
1950
Scone
36.4%
Blarney
19.5%
London
24.6%
Rosetta
17.2%

Today's Daily Dose

You're not logged in!

Compare scores with friends on all Sporcle quizzes.
Sign Up with Email
OR
Log In

You Might Also Like...

Show Comments

Extras

Top Quizzes Today


Score Distribution

Your Account Isn't Verified!

In order to create a playlist on Sporcle, you need to verify the email address you used during registration. Go to your Sporcle Settings to finish the process.

Report this User

Report this user for behavior that violates our Community Guidelines.

Details: